Beyond the sea Πέρα από τη θάλασσα
Η ζωή του Μπόμπι Ντάριν, διάσημου entertainer στα τέλη της δεκαετίας του '50 και στις αρχές του '60, συζύγου της Σάντρα Ντι με την οποία έπαιξε σε ανώδυνες νεανικές ταινίες, αλλά και ατόμου με ιδεολογικές ανησυχίες που σχεδόν "έκαψε" την καριέρα του στην προσπάθειά του να ακολουθ...
Αποθηκεύτηκε σε:
| Άλλοι συγγραφείς: | |
|---|---|
| Μορφή: | |
| Γλώσσα: | English Greek |
| Δημοσίευση: |
[Χ.τ.] :
Archer Street,
c2004.
|
| Θέματα: | |
| Ετικέτες: |
Προσθήκη ετικέτας
Δεν υπάρχουν, Καταχωρήστε ετικέτα πρώτοι!
|
MARC
| LEADER | 00000cgm a2200000 a 4500 | ||
|---|---|---|---|
| 001 | 1/110303 | ||
| 008 | 160315s2004####xx ||| | || ||eng|| | ||
| 040 | |a GR-MyUa |b gre |c GR-MyUa |e AACR2 | ||
| 041 | 0 | |a eng |j gre | |
| 082 | 7 | |a 791.437 |2 (23) | |
| 245 | 0 | 0 | |a Beyond the sea |h [μαγνητοσκόπηση] = |b Πέρα από τη θάλασσα / |c directed by Kevin Spacey. |
| 246 | 1 | |i Παράλληλος τίτλος: |a Πέρα από τη θάλασσα | |
| 260 | |a [Χ.τ.] : |b Archer Street, |c c2004. | ||
| 300 | |a 1 βιντεοδίσκος (113 λεπτ.) : |b ομίλ., έγχρ. ; |c 4 3/4 ίν. | ||
| 508 | |a Φωτογραφία, Eduardo Serra ; μοντάζ, Trevor Waite ; σενάριο, Kevin Spacey. | ||
| 511 | 0 | |a Kevin Spacey, Kate Bosworth, John Goodman, Bob Hoskins, Brenda Blethyn, Gretta Scacchi. | |
| 520 | 8 | |a Η ζωή του Μπόμπι Ντάριν, διάσημου entertainer στα τέλη της δεκαετίας του '50 και στις αρχές του '60, συζύγου της Σάντρα Ντι με την οποία έπαιξε σε ανώδυνες νεανικές ταινίες, αλλά και ατόμου με ιδεολογικές ανησυχίες που σχεδόν "έκαψε" την καριέρα του στην προσπάθειά του να ακολουθήσει τα βήματα του Μπομπ Ντίλαν. | |
| 546 | |a Στα αγγλικά με ελληνικούς υπότιτλους. | ||
| 600 | 1 | 0 | |a Darin, Bobby |v Drama. |
| 655 | 7 | |a Feature films |2 lcgft | |
| 700 | 1 | |a Spacey, Kevin, |e drt |e act | |
| 852 | |a INST |b SYROS |c AV |e 20160315 |h 791.437 SPA |p 005500011762 |q 005500011762 |t DVD |y 23 | ||
| 970 | |a Κοντού |b Παρασκευή |z 15/03/2016 | ||